Elsevier's dictionary of automation technics : in English, German, French and Russian

Other Authors: Zhelyazova, B
Edition: 1st ed.
Subjects:
Online Access: http://library.unisel.edu.my/web/guest/mylibrary
LEADER 00768cam a2200205 7i4500
001 0000054465
005 20260304090000.0
020 |a 044451533X (electronic book)  
090 0 0 |a TJ212.5   |b E47 2005 
245 0 0 |a Elsevier's dictionary of automation technics :   |b in English, German, French and Russian   |c compiled by B. Zhelyazova. 
250 |a 1st ed. 
300 |a 1 online resource (996 pages):   |b illustrations, text file, PDF. 
336 |a text  |2 rdacontent 
337 |a computer  |2 rdamedia 
338 |a online resource  |2 rdacarrier 
650 0 0 |a Dictionaries, Polyglot  
650 0 0 |a Automation --   |x Polyglot --   |y Dictionaries  
700 1 |a Zhelyazova, B  
856 4 2 |u http://library.unisel.edu.my/web/guest/mylibrary 
999 |a EBO0001091  |b EBOOK  |c EBOOK  |e Electronic resources